Statistics for Volleyball World Cup Champions

Click here to take the quiz!

General Stats

  • This quiz has been taken 104 times
    (102 since last reset)
  • The average score is 14 of 17

Answer Stats

Year Champions % Correct
2002Brazil
99%
1986United States
89%
1990Italy
89%
1970East Germany
87%
1949Soviet Union
82%
1974Poland
82%
1956Czechoslovakia
53%

Score Distribution

Percentile by Number Answered

Percent of People with Each Score

Your Score History

You have not taken this quiz since the last reset